Responses for Show #1698 - Wednesday, January 8, 1992

Contestants

[<< previous game]

Darlynne Burnett, a district manager from Wrightwood, California

Peter Wadhams, a podiatrist originally from Rochester, New York

Bruce Gardner, a veterinarian from Cerritos, California (whose 2-day cash winnings total $18,202)

[next game >>]

Jeopardy! Round responses

AUGUST
GOURMET COOKING
SUNKEN SHIPS
ACTORS & HISTORIC ROLES
SAINTS
VOCABULARY
    $100 7
a traveler's check

Peter
    $100 13
legs

Bruce
    $100 1
the Monitor

Peter
    $100 26
Lincoln

Darlynne
    $100 2
St. Joseph

Peter
    $100 15
galore

Peter
    $200 8
Jack the Ripper

Darlynne
    $200 18
(Alex: You put them in the oven and you [*] them.)

bake

Triple Stumper
    $200 12
the Arizona

Peter
    $200 27
The Alamo

Bruce
    $200 3
St. Peter

Peter
    $200 16
moonshine

Peter
    $300 9
the Shroud of Turin

Darlynne
    $300 19
steak Diane

Peter
    $300 14
the Lusitania

Darlynne
    $300 28
[The end-of-round signal sounds.]

Sarah Bernhardt

Darlynne
    $300 4
St. Bernard

Peter
    $300 22
a chow

Bruce
    $400 10
Bosworth Field

Triple Stumper
    $400 20
(Darlynne: What is chicken cacciatore?)

chicken paprikash

Darlynne
Triple Stumper
    $400 17
the Andrea Doria

Peter
    $400 5
Thomas Becket

Peter
    $400 23
a tempest

Peter
    $500 11
(Darlynne: What Is Greece?)

Cyprus

BruceDarlynne
    $1,000 21
ham

Peter
    $500 25
Henry VIII

Bruce
    $500 6
(Alex: He was the patron saint of Venice, [*].)

St. Mark

Triple Stumper
    $500 24
a hyena

Triple Stumper

Scores at the first commercial break (after clue 14):

Bruce Peter Darlynne
$600 $1,400 $300

Scores at the end of the Jeopardy! Round:

Bruce Peter Darlynne
$1,600 $3,800 $300

Double Jeopardy! Round responses

POLITICAL TERMS
MARINE BIOLOGY
BLACK AUTHORS
GEMS
U.S. GEOGRAPHY
ALEXANDER THE GREAT
    $200 9
gold and silver

Darlynne
    $200 15
Jacques Cousteau

Bruce
    $200 11
Alex Haley

Darlynne
    $200 4
India

Darlynne
    $200 1
Lake Tahoe

Peter
    $200 13
the Gordian knot

Triple Stumper
    $400 24
the Green

Peter
    $400 16
Crustacea

Peter
    $400 23
Harlem

Peter
    $400 5
Tanzania

Darlynne
    $400 2
Milwaukee

Peter
    $400 14
(Peter: Who is Socrates?)

Aristotle

Peter
Triple Stumper
    $600 25
the Republicans

Darlynne
    $600 17
the Sargasso Sea

Darlynne
    $1,000 6
(Darlynne: What is Alexandrite?)

the opal

Darlynne
    $600 3
Alaska

Bruce
    $600 20
Macedonia

Darlynne
    $800 26
(Alex: That is right, and we have less than a minute to go.)

slavery

Bruce
    $800 18
a red tide

Peter
    $2,000 29
(Darlynne: Who is Toni... [long pause])
(Alex: Finish it up quickly.)
(Darlynne: I can't get it.)
[The time expiry signal sounds.]
(Alex: Oh, Darlynne, you're on the right track, and it breaks my heart to have to say this. Who is [*]?)
[The end-of-round signal sounds.]

Toni Morrison

Darlynne
    $800 10
garnets

Bruce
    $800 7
Baton Rouge

Bruce
    $800 21
Bucephalus

Bruce
    $1000 27
franking

Darlynne
    $1000 19
a manatee

Darlynne
    $1000 28
James Baldwin

Darlynne
    $1000 12
(Peter: What is azurite?)

lapis lazuli

Peter
Triple Stumper
    $1000 8
(Darlynne: What is Rapid City?)

Sioux Falls

PeterDarlynne
    $1000 22
Babylon

Triple Stumper

Scores at the end of the Double Jeopardy! Round:

Bruce Peter Darlynne
$5,600 $6,000 $2,100

[wagering suggestions for these scores]

Final Jeopardy! Round responses

BUSINESS & INDUSTRY
(Alex: [After time is up.] The company's still there on the banks of the Ohio.)
DarlynneWho are Proctor & Gamble?
$1,699
BruceWho was Colgate & Palm
$1,399
PeterWho were Procter & Gamble?
$6,000
Procter & Gamble

Final scores:

Bruce Peter Darlynne
$4,201 $12,000 $3,799
2nd place: trip for 2 to Puerto Vallarta, Mexico New champion: $12,000 3rd place: Oneida Silversmiths gift certificate + Nintendo Entertainment System

Game dynamics:

Coryat scores:

Bruce Peter Darlynne
$5,600 $5,500 $5,100
11 R,
0 W
20 R
(including 1 DD),
2 W
15 R,
5 W
(including 2 DDs)

Combined Coryat: $16,200

[game clues] [game scores] [suggest correction]

Game tape date: 1991-10-22
The J! Archive is created by fans, for fans. Scraping, republication, monetization, and malicious use prohibited; this site may use cookies and collect identifying information. See terms. The Jeopardy! game show and all elements thereof, including but not limited to copyright and trademark thereto, are the property of Jeopardy Productions, Inc. and are protected under law. This website is not affiliated with, sponsored by, or operated by Jeopardy Productions, Inc. Join the discussion at JBoard.tv.